|
|
|
|
| LEADER |
01278nam a2200313 4500 |
| 001 |
40191 |
| 003 |
BD-DhAAL |
| 005 |
20221220104847.0 |
| 008 |
221219t2003 bg ||||| |||| 00| 1 ben d |
| 999 |
|
|
|c 45225
|d 45225
|
| 020 |
|
|
|a 9844103398
|
| 040 |
|
|
|a BD-DhAAL
|c BD-DhAAL
|
| 041 |
|
|
|a ben
|
| 082 |
|
|
|a 891.443
|2 23
|
| 100 |
|
|
|a শাকুর, আবদুশ
|9 53043
|
| 240 |
|
|
|a Short stories
|
| 245 |
|
|
|a রম্যসমগ্র /
|c আবদুশ শাকুর
|
| 246 |
|
|
|a Ramyasamagra
|
| 260 |
|
|
|a ঢাকা :
|b মাওলা ব্রাদার্স,
|c ২০১৪
|
| 300 |
|
|
|a ৫১৮ পৃষ্ঠা ;
|c ২৪ সে.মি.
|
| 520 |
|
|
|a Complete set of humorous and satirical short stories by a 20th century author from Bangladesh.
|
| 541 |
|
|
|a Donated by Akbar Ali Khan
|e 40191
|
| 546 |
|
|
|a In Bengali.
|
| 650 |
|
|
|a Short stories, Bengali.
|9 53056
|
| 650 |
|
|
|a Bengali wit and humor.
|9 53066
|
| 650 |
|
|
|a Bengali literature.
|9 53067
|
| 852 |
|
|
|a Ayesha Abed Library
|c Akbar Ali Khan Collection
|
| 942 |
|
|
|2 ddc
|c BK
|
| 952 |
|
|
|0 0
|1 0
|2 ddc
|4 0
|6 891_443000000000000_SHA
|7 1
|9 72535
|a BRACUL
|b BRACUL
|c AAKC
|d 2022-12-19
|e Donated by Akbar Ali Khan
|g 400.00
|l 0
|o 891.443 SHA
|p 3010040191
|r 2022-12-19
|t 1
|v 400.00
|w 2022-12-19
|y BK
|x Price available in book.
|